000 00471nam a2200193 a 4500
001 1777706073953
003 YourLibrary
005 20260502124731.0
008 260502s1986##################000#0#eng##
020 _a9780774802642
082 0 4 _a391.8
_bJEN
100 1 _aJensen, Doreen,
_eauthor.
245 1 0 _aRobes of Power :
260 _bUBC Press,
_c1986.
300 _a104 pages
650 0 _aArt.
942 _cENGLISH
040 _aYourLibrary
_beng
_cYourLibrary
999 _c621794
_d621794